| 000 | 00494nam a22001697a 4500 | ||
|---|---|---|---|
| 005 | 20240322121217.0 | ||
| 008 | 240322b |||||||| |||| 00| 0 eng d | ||
| 020 | _a781119404187 | ||
| 082 |
_a794.815 _bMCC-C |
||
| 100 | _amccabe, patrick | ||
| 245 |
_aCreate computer games : _bDesign and build your own game / _cPatrick Mccabe |
||
| 260 |
_aindia: _bwile; _c2018. |
||
| 300 |
_ax, 246 p . : _bill; _c22 cm. |
||
| 500 | _ainclude index. | ||
| 650 | _acomputer science/programming | ||
| 999 |
_c35442 _d35442 |
||